Datum a čas kvízu
34
Celkem bodů
Celkový počet nahraných bodů na tomto kvízu bez doplňovacích otázek.
6.
Pořadí na kvízu
Konečné umístění týmu na tomto kvízu.
Zaznamenané odpovědi
| # | Otázka | Odpověď | Body | Výsledky |
|---|---|---|---|---|
| 1. | Generálním ředitelem Úřadu prá... | (Roman) Chlopčík | 1 | |
| 2. | Koho si vybral Kim Čong-un jak... | A | 1 | |
| 3. | Napište jméno skotského herce... | Iain Glen; Hra o trůny | 0.5 | |
| 4. | Kterou americkou komunikační p... | 1 | ||
| 5. | Na sociálních sítích jste mohl... | B) krasobruslení | 0 | |
| 6. | Hned v úvodu bod rozdělíme: za... | Ulánbátar; Altaj | 0.5 | |
| 7. | Z následujících možností vyber... | A | 1 | |
| 8. | Jak se jmenuje hudební skupina... | The Hu | 0 | |
| 9. | Tato obydlí se v Mongolsku ozn... | jurta | 1 | |
| 10. | Do Mongolska zasadila děj svéh... | babičce | 0 |